Das politische Danzig

Titel: Das politische Danzig : Dokumente / bearb. von Detlef Krannhals. [Hrsg. in Zsarb. mit dem Ostland-Inst. in Danzig]
Beteiligt:
Körperschaft:
Veröffentlicht: Danzig : Kafemann, 1937
Umfang: 96 S. : zahlr. Ill.
Format: Buch
Sprache: Deutsch
RVK-Notation:
Kein Bild verfügbar
X
Lokale Klassifikation: 7 5 B
alg: 12420130
001A    $03004:21-10-04 
001B    $00026:20-04-23 $t08:56:26.000 
001C    $00077:04-04-08 $t09:13:44.000 
001D    $03004:21-10-04 
001U    $0utf8 
001X    $00 
002@    $0Aau 
003@    $012420130X 
003O    $013112492 $aOCoLC 
007A    $012420130X $aHEB 
007T    $0Herdhh12420130X 
010@    $ager 
011@    $a1937 
021A    $aDas @politische Danzig $dDokumente $hbearb. von Detlef Krannhals. [Hrsg. in Zsarb. mit dem Ostland-Inst. in Danzig] 
028C    $BBearb. $D20220215 $Ecgwrk $8Krannhals, Detlef$Z1911- [Tp3] $9458184586 
029F    $762462-7 $8Ostland-Institut$gDanzig [Tb1] $9040490920 
033A    $pDanzig $nKafemann 
034D    $a96 S. 
034M    $azahlr. Ill. 
045F    $a907.2094382 $eDDC23BSB 
045F/01 $a907.2 
045F/03 $g4382 
045F/03 $g43832 
045Z    $8RL 80053 [Tkv] $9411597469 
046L    $aIn Fraktur. 

lok: 12420130 24
101B    $021-10-04 $t11:39:16.000 
101C    $021-10-04 
145Z/01 $a7 5 B 
101U    $0utf8 

exp: 12420130 24 1 #EPN
201B/01 $021-10-04 $t11:39:16.000 
201C/01 $021-10-04 
203@/01 $0220810311 
208@/01 $a21-10-04 $br 
209A/01 $a7 V B 1 $du $f050 $h7 5 B 1 $x00 
209C/01 $a330 K 1950 $h50 0330 K 
209G/01 $a70746611 $x00 
220C/01 $agro 
247C/01 $8358050-7 Marburg, Bibliothek des Herder-Instituts Marburg $9102600961 
201U/01 $0utf8 

lok: 12420130 25

exp: 12420130 25 1 #EPN
201B/01 $025-04-08 $t08:32:48.000 
201C/01 $004-04-08 
201U/01 $0utf8 
203@/01 $0542003112 
206W/01 $0033-0687 
208@/01 $a04-04-08 $brum 
209A/01 $aAM 1312 $du $f000 $x00 
209B/01 $a00048 $x05 
209C/01 $a70 G 4457 
209G/01 $a39223950 $x00 
209G/01 $aMAG $x01 
247C/01 $8651000-0 <77>Mainz, Universität Mainz, Zentralbibliothek $9102599602 

lok: 12420130 68

exp: 12420130 68 1 #EPN
201B/01 $006-12-11 $t15:56:50.000 
201C/01 $006-12-11 
201U/01 $0utf8 
203@/01 $0634857681 
208@/01 $a06-12-11 $br 
209A/01 $aXVI 409 $ds $f001 $x00 
247C/01 $8628002-x Wiesbaden, Hessisches Hauptstaatsarchiv Wiesbaden, Bibliothek $9213729024 

lok: 12420130 78

exp: 12420130 78 1 #EPN
201B/01 $019-04-17 $t19:31:24.000 
201U/01 $0utf8 
203@/01 $0793751659 
208@/01 $a12-11-16 $be 
209A/01 $a/ $f000 $x00 
237A/01 $aIn Fraktur. - weiterführende Signatur(en): Herder-Institut: 7 V B 1 
244Z/01 $2Trx $#Prusy Wschodnie i Zachodnie $8--Trx--Ost- und Westpreußen $x01 $939113373X 
244Z/01 $2Trx $#dzieło zbiorowe $8--Trx--Sammelwerk $x02 $9391384597 
245Z/01 $a03.01 $x01 
247C/01 $82080>Marburg/Lahn, Herder-Institut, Forschungsbibliothek, Bibliographieportal $9336309341 

lok: 12420130 204

exp: 12420130 204 1 #EPN
201B/01 $015-05-23 $t09:54:47.000 
201C/01 $014-01-05 
201U/01 $0utf8 
203@/01 $0223852201 
208@/01 $a18-04-23 $bz005 
209A/01 $a205 RL 80053 K89 $du $f005 $x00 
209C/01 $a009 Did ggr REc 72 
209G/01 $a86642298 $x00 
209G/01 $aMagazin UG, kein Zutritt (bitte online bestellen) $x01 
245S/01 $a61000 $x01 
247C/01 $8631005-9 <26/005>Gießen, Universität Gießen, Zeughausbibliothek $9193926474
LEADER 00000cam a2200000 c 4500
001 12420130X
003 DE-603
005 20230420085626.0
007 tu
008 041021s1937 xx |||| | u00||u|ger c
035 |a (DE-599)HEB12420130X 
035 |a (OCoLC)13112492 
040 |a DE-603  |b ger  |c DE-603  |d DE-603 
041 |a ger 
082 0 4 |8 1\u  |a 907.2094382  |q DE-101  |2 23/BSB 
084 |a RL 80053  |0 (DE-625)142361:12600  |0 (DE-603)411597469  |2 rvk 
085 |8 1\u  |b 907.2 
085 |8 1\u  |z 2  |s 4382 
085 |8 1\u  |z 2  |s 43832 
245 0 0 |a ˜Dasœ politische Danzig  |b Dokumente  |c bearb. von Detlef Krannhals. [Hrsg. in Zsarb. mit dem Ostland-Inst. in Danzig] 
264 1 |a Danzig  |b Kafemann  |c 1937 
300 |a 96 S.  |b zahlr. Ill. 
546 |a In Fraktur. 
700 1 |a Krannhals, Detlef  |d 1911-  |e Bearb.  |4 edt  |0 (DE-603)458184586  |0 (DE-588)1203755031  |2 gnd 
710 2 |a Ostland-Institut  |g Danzig  |0 (DE-603)040490920  |0 (DE-588)62462-7  |2 gnd 
924 0 |9 Mb 50  |a (DE-603)220810311  |b DE-Mb50  |c HES  |d c  |g 7 V B 1 
924 0 |9 77  |a (DE-603)542003112  |b DE-77  |c HES  |d c  |g AM 1312  |h MAG 
924 0 |9 Wi 1  |a (DE-603)634857681  |b DE-Wi1  |c HES  |d d  |g XVI 409 
924 0 |9 2080  |a (DE-603)793751659  |b DE-2080  |c HES  |d d  |g / 
924 0 |9 26/005  |a (DE-603)223852201  |b DE-26-005  |c HES  |d c  |g 205 RL 80053 K89  |h Magazin UG, kein Zutritt (bitte online bestellen)